Ben and Jerry's or Häagen-Dazs? Quiz Stats

 Plays Quiz Updated Dec 20, 2015

Challenge
Share
Tweet
Embed
Score 0/22 Timer 03:00
1 Play Today
Flavor B or H % Correct
Chunky Monkey???
91.6%
Phish Food???
91.1%
Half Baked???
90.8%
Fossil Fuel???
87.1%
Americone Dream???
86.8%
Late Night Snack???
85.9%
Chocolate, Pralines & Caramel???
77.7%
Belgian Chocolate Chocolate???
77.4%
Strawberries & Cream???
75.7%
Baked Alaska???
75.5%
Berry White???
72.2%
Flavor B or H % Correct
Mud Pie???
71%
Baileys???
70.6%
Cappuccino Caramel Truffle???
70%
Black Raspberry Chip???
67.7%
Macadamia Nut Brittle???
67.5%
Cookies & Cream???
66.7%
Chocolate Chocolate Chip???
64.7%
Peppermint Bark???
61.2%
Vanilla Caramel Brownie???
58.7%
Raspberry Brownie???
37.2%
Banoffee???
36.4%

You're not logged in!

Compare scores with friends on all Sporcle quizzes.
OR
Log In

You Might Also Like...

Show Comments

Extras

Top Quizzes Today


Score Distribution

Your Account Isn't Verified!

In order to create a playlist on Sporcle, you need to verify the email address you used during registration. Go to your Sporcle Settings to finish the process.

Report this User

Report this user for behavior that violates our Community Guidelines.

Details: